[Event "90th YMCA Spring-B"]
[Site "Warszawa"]
[Date "2011.04.05"]
[Round "1"]
[White "Rogalski, Krzysztof"]
[Black "Rozowski, Marcin"]
[Result "0-1"]
[WhiteElo "1890"]
[BlackElo "1893"]
[PlyCount "94"]
[EventDate "2011.04.05"]
[EventType "tourn"]
[EventRounds "1"]
[EventCountry "POL"]
[SourceDate "2011.04.06"]

1. d4 d5 2. c4 c6 3. Nf3 Nf6 4. Nc3 a6 5. e3 b5 6. cxd5 cxd5 7. Ne5 e6 8. Bd3
Bd6 9. O-O Nbd7 10. f4 Bb7 11. Qf3 O-O 12. a3 Rc8 13. Bd2 Nb6 14. Rac1 Nc4 15.
Nxc4 bxc4 16. Be2 Bc6 17. Be1 Qd7 18. Bh4 Be7 19. g4 Rb8 20. Rc2 Rb3 21. g5 Ne8
22. Bd1 g6 23. Rg2 Rb6 24. Be1 f6 25. h4 fxg5 26. hxg5 Ng7 27. Qh3 Nf5 28. Rh2
Bd6 29. Rf3 Rfb8 30. Rff2 Qa7 31. Na2 Rf8 32. Ba5 Rbb8 33. Bc3 Rf7 34. Nb4 Bb7
35. Nc2 Bc6 36. Ne1 Qd7 37. Bg4 Ba4 38. Nf3 Bd1 39. Ne5 Bxe5 40. Bxd1 Bd6 41.
Bc2 Qc7 42. Qf3 Qb6 43. Rh3 Rbf8 44. Qh1 Qb7 45. Rfh2 Nxe3 46. Bxg6 Rxf4 47.
Bxh7+ Qxh7 0-1

[Event "90th YMCA Spring-B"]
[Site "Warszawa"]
[Date "2011.04.07"]
[Round "1"]
[White "Safanowski, Tomasz"]
[Black "Potocki, Karol"]
[Result "1/2-1/2"]
[WhiteElo "1953"]
[BlackElo "1860"]
[Annotator "M"]
[PlyCount "20"]
[EventDate "2011.04.05"]
[EventType "tourn"]
[EventRounds "1"]
[EventCountry "POL"]
[SourceDate "2011.04.06"]

1. e4 c6 2. d4 d5 3. Nc3 dxe4 4. Nxe4 Nd7 5. Nf3 Ngf6 6. Nxf6+ Nxf6 7. Ne5 Nd7
8. Nf3 Nf6 9. Ne5 Nd7 10. Nf3 Nf6 $11 1/2-1/2

[Event "90th YMCA Spring-B"]
[Site "Warszawa"]
[Date "2011.04.05"]
[Round "1"]
[White "Jarmula, Lukasz"]
[Black "Kwiatkowski, Andrzej"]
[Result "1-0"]
[WhiteElo "1852"]
[BlackElo "1843"]
[PlyCount "79"]
[EventDate "2011.04.05"]
[EventType "tourn"]
[EventRounds "1"]
[EventCountry "POL"]
[SourceDate "2011.04.06"]

1. e4 e5 2. Nf3 Nc6 3. Bb5 a6 4. Ba4 Nf6 5. O-O Be7 6. Re1 b5 7. Bb3 d6 8. c3
O-O 9. h3 Bb7 10. d4 Re8 11. Nbd2 Bf8 12. Bc2 h6 13. a3 g6 14. Nf1 Bg7 15. Ng3
Qe7 16. b3 Rad8 17. d5 Nb8 18. c4 bxc4 19. bxc4 Nbd7 20. Rb1 Nc5 21. Be3 Bc8
22. Nd2 Rf8 23. Bxc5 dxc5 24. Nb3 h5 25. Na5 Bd7 26. Ba4 h4 27. Nf1 Nh5 28.
Bxd7 Qxd7 29. Nc6 Nf4 30. Nxd8 Qxd8 31. Ne3 f5 32. Kh2 Qg5 33. Rg1 Nh5 34. Kh1
Bh6 35. d6 c6 36. d7 Rd8 37. Qd6 Nf6 38. Rb8 Nxe4 39. Rxd8+ Qxd8 40. Qxg6+ 1-0

[Event "90th YMCA Spring-B"]
[Site "Warszawa"]
[Date "2011.04.07"]
[Round "1"]
[White "Moskwinski, Marek"]
[Black "Rzepecka, Dorota"]
[Result "0-1"]
[WhiteElo "1872"]
[BlackElo "1900"]
[PlyCount "68"]
[EventDate "2011.04.05"]
[EventType "tourn"]
[EventRounds "1"]
[EventCountry "POL"]
[SourceDate "2011.04.06"]

1. e4 e6 2. d4 d5 3. Nd2 c5 4. exd5 exd5 5. Ngf3 Nf6 6. Bb5+ Bd7 7. Bxd7+ Nbxd7
8. O-O Be7 9. dxc5 Nxc5 10. Nb3 Nce4 11. Be3 O-O 12. Bd4 b5 13. Ne5 Qc7 14. Nd3
a5 15. Be5 Qd7 16. f3 a4 17. fxe4 axb3 18. Bxf6 bxc2 19. Qxc2 Rac8 20. Qd2 Bxf6
21. e5 Be7 22. Nf4 Qa7+ 23. Kh1 d4 24. Qd3 Qc5 25. Rfe1 Bg5 26. Qe4 Bxf4 27.
Qxf4 Qb4 28. Qf2 d3 29. Red1 Rc2 30. Qf5 Qxb2 31. Qxd3 Rxg2 32. Qh3 Re2 33. Re1
Rxe5 34. Reb1 Qc2 0-1

[Event "90th YMCA Spring-B"]
[Site "Warszawa"]
[Date "2011.04.29"]
[Round "2"]
[White "Kadzinski, Wieslaw"]
[Black "Jarmula, Lukasz"]
[Result "1/2-1/2"]
[WhiteElo "1979"]
[BlackElo "1852"]
[Annotator "M"]
[PlyCount "65"]
[EventDate "2011.04.05"]
[EventType "tourn"]
[EventRounds "1"]
[EventCountry "POL"]
[SourceDate "2011.04.06"]

1. e4 c5 2. d4 cxd4 3. Nf3 d6 4. Nxd4 Nf6 5. Nc3 a6 6. g3 e5 7. Nb3 Be7 8. Bg2
O-O 9. O-O b5 10. a4 b4 11. Nd5 Nxd5 12. Qxd5 Ra7 13. Be3 Be6 14. Qd3 Ra8 15.
f4 Qc7 16. Nd2 Rc8 17. Rfc1 Nd7 18. b3 Nc5 19. Qe2 exf4 20. gxf4 Bf6 21. e5
dxe5 22. f5 Bxf5 23. Bxa8 Rxa8 24. Qf2 Ne4 25. Qxf5 Nxd2 26. Bxd2 e4 27. Qxe4
Rd8 28. Re1 h6 29. Rad1 Rd4 30. Bf4 Qxf4 31. Rxd4 Bxd4+ 32. Kh1 Qf6 33. Qg2 $11
1/2-1/2

[Event "90th YMCA Spring-B"]
[Site "Warszawa"]
[Date "2011.04.12"]
[Round "2"]
[White "Rozowski, Marcin"]
[Black "Safanowski, Tomasz"]
[Result "0-1"]
[WhiteElo "1893"]
[BlackElo "1953"]
[PlyCount "64"]
[EventDate "2011.04.05"]
[EventType "tourn"]
[EventRounds "1"]
[EventCountry "POL"]
[SourceDate "2011.04.06"]

1. e4 e6 2. d4 d5 3. Nd2 Nf6 4. e5 Nfd7 5. Bd3 c5 6. c3 Nc6 7. Ne2 Be7 8. O-O
a5 9. f4 f5 10. Nf3 c4 11. Bc2 b5 12. b3 Nb6 13. a4 b4 14. Bd2 Ba6 15. Ng5 Qd7
16. Qe1 h6 17. Nf3 Kf7 18. Qf2 Rag8 19. h4 g6 20. g3 Rb8 21. Rab1 cxb3 22. Bxb3
Bd3 23. Rbc1 Nc4 24. cxb4 axb4 25. Rfd1 Nb2 26. Rf1 Bc4 27. Qe3 Qa7 28. Rc2
Bxb3 29. Qxb3 Nc4 30. Rb1 N6a5 31. Qd3 Na3 32. Rcb2 Nxb1 0-1

[Event "90th YMCA Spring-B"]
[Site "Warszawa"]
[Date "2011.04.08"]
[Round "2"]
[White "Kurowski, Andrzej"]
[Black "Rogalski, Krzysztof"]
[Result "1-0"]
[WhiteElo "1849"]
[BlackElo "1890"]
[PlyCount "53"]
[EventDate "2011.04.05"]
[EventType "tourn"]
[EventRounds "1"]
[EventCountry "POL"]
[SourceDate "2011.04.06"]

1. d4 Nf6 2. c4 e6 3. Nf3 d5 4. Nc3 Nbd7 5. Bg5 c6 6. cxd5 exd5 7. e3 Be7 8.
Qc2 O-O 9. Bd3 Re8 10. O-O Nf8 11. Rab1 Nh5 12. Bxe7 Qxe7 13. b4 a6 14. a4 g6
15. b5 axb5 16. axb5 Ng7 17. bxc6 bxc6 18. Ne5 Qd6 19. Rb6 Bd7 20. Nb5 Qf6 21.
Nc7 Rab8 22. Nxe8 Rxe8 23. Nxd7 Nxd7 24. Rxc6 Ne6 25. Rc8 Rxc8 26. Qxc8+ Ndf8
27. Qc6 1-0

[Event "90th YMCA Spring-B"]
[Site "Warszawa"]
[Date "2011.04.14"]
[Round "3"]
[White "Safanowski, Tomasz"]
[Black "Kurowski, Andrzej"]
[Result "1/2-1/2"]
[WhiteElo "1953"]
[BlackElo "1849"]
[Annotator "M"]
[PlyCount "71"]
[EventDate "2011.04.05"]
[EventType "tourn"]
[EventRounds "1"]
[EventCountry "POL"]
[SourceDate "2011.04.06"]

1. d3 d5 2. g3 e5 3. Bg2 Nf6 4. Nf3 Nc6 5. c3 Be7 6. O-O O-O 7. Bg5 Be6 8. Nbd2
a5 9. Qa4 Qd7 10. Rfd1 h6 11. Bxf6 Bxf6 12. e4 d4 13. cxd4 Nxd4 14. Qxd7 Nxf3+
15. Nxf3 Bxd7 16. d4 Bg4 17. dxe5 Bxf3 18. Bxf3 Bxe5 19. Rd5 f6 $11 20. Rad1
Bxb2 21. Bg4 Rfe8 22. Bf5 Be5 23. f4 Bd6 24. Bg6 Red8 25. Bf5 b6 26. Kg2 Be7
27. Bd7 Kf8 28. a4 c5 29. Bb5 Rxd5 30. Rxd5 Rd8 31. Kf3 Rxd5 32. exd5 Bd6 33.
h4 g5 34. fxg5 fxg5 35. h5 Ke7 36. g4 $11 1/2-1/2

[Event "90th YMCA Spring-B"]
[Site "Warszawa"]
[Date "2011.04.12"]
[Round "3"]
[White "Jarmula, Lukasz"]
[Black "Potocki, Karol"]
[Result "1/2-1/2"]
[WhiteElo "1852"]
[BlackElo "1860"]
[Annotator "M"]
[PlyCount "43"]
[EventDate "2011.04.05"]
[EventType "tourn"]
[EventRounds "1"]
[EventCountry "POL"]
[SourceDate "2011.04.06"]

1. e4 e5 2. Nf3 Nf6 3. Nxe5 d6 4. Nf3 Nxe4 5. d4 d5 6. Bd3 Nc6 7. O-O Be7 8. c4
Nb4 9. Be2 O-O 10. Nc3 Nxc3 11. bxc3 Nc6 12. cxd5 Qxd5 13. Be3 Na5 14. Nd2 Bf5
15. c4 Qd7 16. Nb3 Qa4 17. Nxa5 Qxa5 $11 18. Bd3 Bxd3 19. Qxd3 Bf6 20. Bd2 Qa6
21. Bc3 Rfe8 22. d5 $11 1/2-1/2

[Event "90th YMCA Spring-B"]
[Site "Warszawa"]
[Date "2011.04.21"]
[Round "3"]
[White "Moskwinski, Marek"]
[Black "Kadzinski, Wieslaw"]
[Result "1/2-1/2"]
[WhiteElo "1872"]
[BlackElo "1979"]
[Annotator "Admin"]
[PlyCount "28"]
[EventDate "2011.04.05"]
[EventType "tourn"]
[EventRounds "1"]
[EventCountry "POL"]
[SourceDate "2011.04.06"]

1. e4 e5 2. Nf3 Nc6 3. Bc4 Nf6 4. Ng5 d5 5. exd5 Na5 6. Bb5+ c6 7. dxc6 bxc6 8.
Be2 h6 9. Nf3 e4 10. Ne5 Bd6 11. d4 exd3 12. Nxd3 Qc7 13. g3 Bh3 14. Bd2 O-O
$11 1/2-1/2

[Event "90th YMCA Spring-B"]
[Site "Warszawa"]
[Date "2011.04.21"]
[Round "3"]
[White "Rzepecka, Dorota"]
[Black "Kwiatkowski, Andrzej"]
[Result "1-0"]
[WhiteElo "1900"]
[BlackElo "1843"]
[PlyCount "87"]
[EventDate "2011.04.05"]
[EventType "tourn"]
[EventRounds "1"]
[EventCountry "POL"]
[SourceDate "2011.04.06"]

1. e4 e5 2. f4 d5 3. exd5 exf4 4. Nf3 Nf6 5. Bb5+ c6 6. dxc6 Nxc6 7. Nc3 Bd6 8.
d4 O-O 9. O-O Bg4 10. Bxc6 bxc6 11. Qd3 Re8 12. Ng5 h6 13. Nf3 Qd7 14. Ne5 Bxe5
15. dxe5 Qxd3 16. cxd3 Nd5 17. Nxd5 cxd5 18. Rxf4 Be2 19. d4 Rac8 20. Bd2 Rc2
21. Bc3 Bc4 22. a4 Re6 23. Rf2 Rxf2 24. Kxf2 Bb3 25. Ra3 Rb6 26. Ke3 Kf8 27.
Ba5 Rb7 28. Kd2 Ke8 29. Kc3 Bc4 30. Bb4 Kd7 31. Bf8 Rb8 32. Bd6 Rc8 33. Bc5 a5
34. b3 Ba6 35. Ra2 Ke6 36. Rb2 Rb8 37. Rf2 Rc8 38. Rf3 Be2 39. Rg3 g5 40. Kd2
Bf1 41. Rf3 Bxg2 42. Rf6+ Kd7 43. Rxf7+ Ke8 44. e6 1-0

[Event "90th YMCA Spring-B"]
[Site "Warszawa"]
[Date "2011.04.28"]
[Round "4"]
[White "Kadzinski, Wieslaw"]
[Black "Rzepecka, Dorota"]
[Result "1-0"]
[WhiteElo "1979"]
[BlackElo "1900"]
[PlyCount "43"]
[EventDate "2011.04.05"]
[EventType "tourn"]
[EventRounds "1"]
[EventCountry "POL"]
[SourceDate "2011.04.06"]

1. e4 e6 2. d4 d5 3. Nc3 Bb4 4. Nge2 dxe4 5. a3 Be7 6. Nxe4 Nf6 7. N2c3 O-O 8.
Be3 b6 9. Be2 Bb7 10. Bf3 Nd5 11. O-O Nd7 12. Nxd5 exd5 13. Ng3 Bg5 14. Bg4
Bxe3 15. fxe3 Nf6 16. Bf5 Qe7 17. Bd3 Qxe3+ 18. Kh1 Ne4 19. Nf5 Qg5 20. Rf3 g6
21. h4 Qh5 22. g4 1-0

[Event "90th YMCA Spring-B"]
[Site "Warszawa"]
[Date "2011.04.13"]
[Round "4"]
[White "Potocki, Karol"]
[Black "Moskwinski, Marek"]
[Result "1/2-1/2"]
[WhiteElo "1860"]
[BlackElo "1872"]
[Annotator "M"]
[PlyCount "30"]
[EventDate "2011.04.05"]
[EventType "tourn"]
[EventRounds "1"]
[EventCountry "POL"]
[SourceDate "2011.04.06"]

1. c4 e5 2. g3 Nf6 3. Bg2 d5 4. cxd5 Nxd5 5. Nc3 Nb6 6. Nf3 Nc6 7. O-O Be7 8.
d3 O-O 9. Be3 Be6 10. d4 exd4 11. Nxd4 Nxd4 12. Qxd4 Qxd4 13. Bxd4 c6 14. b3
Rfd8 15. Rad1 Nd5 $11 1/2-1/2

[Event "90th YMCA Spring-B"]
[Site "Warszawa"]
[Date "2011.04.26"]
[Round "4"]
[White "Rozowski, Marcin"]
[Black "Jarmula, Lukasz"]
[Result "0-1"]
[WhiteElo "1893"]
[BlackElo "1852"]
[PlyCount "60"]
[EventDate "2011.04.05"]
[EventType "tourn"]
[EventRounds "1"]
[EventCountry "POL"]
[SourceDate "2011.04.06"]

1. e4 c5 2. Nf3 Nc6 3. Bb5 g6 4. O-O Bg7 5. c3 Nf6 6. Qe2 O-O 7. d4 cxd4 8.
cxd4 d5 9. e5 Ne4 10. Nbd2 Qb6 11. Bxc6 bxc6 12. Re1 Bf5 13. Nb3 a5 14. Be3
Rfb8 15. Rac1 a4 16. Nc5 Qxb2 17. Nxe4 dxe4 18. Ng5 h6 19. Nh3 Be6 20. Rc2 Qb5
21. Qd2 g5 22. Rec1 Bd5 23. Kh1 Qd3 24. Qe1 Rb1 25. Rxc6 Rxc1 26. Rxc1 Bxa2 27.
Qb4 Bf8 28. Qb7 Ra5 29. Qc8 Be6 30. Qc7 Rb5 0-1

[Event "90th YMCA Spring-B"]
[Site "Warszawa"]
[Date "2011.05.04"]
[Round "5"]
[White "Jarmula, Lukasz"]
[Black "Kurowski, Andrzej"]
[Result "1/2-1/2"]
[WhiteElo "1852"]
[BlackElo "1849"]
[Annotator "M"]
[PlyCount "38"]
[EventDate "2011.04.05"]
[EventType "tourn"]
[EventRounds "1"]
[EventCountry "POL"]
[SourceDate "2011.04.06"]

1. e4 e6 2. d4 d5 3. Nc3 Nf6 4. Bg5 Bb4 5. e5 h6 6. Bd2 Bxc3 7. bxc3 Ne4 8. Qg4
g6 9. Bd3 Nxd2 10. Kxd2 c5 11. h4 Nc6 12. Nf3 Qc7 13. Rhb1 Bd7 14. Qf4 f5 15.
Qg3 O-O-O 16. Qxg6 Rdg8 17. Qf6 Rf8 18. Qg7 Rfg8 19. Qf6 Rf8 $11 1/2-1/2

[Event "90th YMCA Spring-B"]
[Site "Warszawa"]
[Date "2011.05.03"]
[Round "5"]
[White "Moskwinski, Marek"]
[Black "Rozowski, Marcin"]
[Result "0-1"]
[WhiteElo "1872"]
[BlackElo "1893"]
[PlyCount "38"]
[EventDate "2011.04.05"]
[EventType "tourn"]
[EventRounds "1"]
[EventCountry "POL"]
[SourceDate "2011.04.06"]

1. e4 c6 2. d4 d5 3. e5 Bf5 4. Nc3 e6 5. g4 Bg6 6. Nge2 c5 7. Bg2 Nc6 8. Be3
cxd4 9. Bxd4 Bb4 10. O-O Nge7 11. f4 O-O 12. h4 h5 13. Ng3 hxg4 14. h5 Bxc2 15.
Qxc2 Nxd4 16. Qd1 Nef5 17. Qxg4 Nxg3 18. h6 g6 19. f5 Ngxf5 0-1

[Event "90th YMCA Spring-B"]
[Site "Warszawa"]
[Date "2011.04.22"]
[Round "5"]
[White "Rzepecka, Dorota"]
[Black "Potocki, Karol"]
[Result "1-0"]
[WhiteElo "1900"]
[BlackElo "1860"]
[PlyCount "69"]
[EventDate "2011.04.05"]
[EventType "tourn"]
[EventRounds "1"]
[EventCountry "POL"]
[SourceDate "2011.04.06"]

1. e4 e6 2. d4 d5 3. Nc3 dxe4 4. Nxe4 Nd7 5. Nf3 Ngf6 6. Ng3 c5 7. Bd3 cxd4 8.
Nxd4 Bc5 9. c3 Qb6 10. Be3 Nd5 11. O-O O-O 12. Ne4 Nxe3 13. fxe3 Be7 14. Qh5 g6
15. Qh6 Nc5 16. Rf3 f5 17. Nxc5 Qxc5 18. Raf1 Bd7 19. Rh3 Rf7 20. g4 Bf8 21.
Qh4 Qe7 22. gxf5 Qxh4 23. Rxh4 Be7 24. Rh3 Raf8 25. fxe6 Rxf1+ 26. Bxf1 Bc8 27.
Bc4 Rf6 28. Kg2 Kg7 29. b4 h5 30. Rg3 Bd6 31. Rg5 b6 32. e4 Bb7 33. Bd5 Kh6 34.
h4 Bc8 35. e5 1-0

[Event "90th YMCA Spring-B"]
[Site "Warszawa"]
[Date "2011.05.05"]
[Round "5"]
[White "Kwiatkowski, Andrzej"]
[Black "Kadzinski, Wieslaw"]
[Result "0-1"]
[WhiteElo "1843"]
[BlackElo "1979"]
[PlyCount "66"]
[EventDate "2011.04.05"]
[EventType "tourn"]
[EventRounds "1"]
[EventCountry "POL"]
[SourceDate "2011.04.06"]

1. e4 e5 2. Nf3 Nc6 3. Bb5 a6 4. Ba4 Nf6 5. O-O Be7 6. Re1 b5 7. Bb3 O-O 8. d4
d6 9. c3 Bg4 10. Be3 exd4 11. cxd4 Na5 12. Bc2 Nc4 13. Bc1 c5 14. b3 Nb6 15.
Bb2 cxd4 16. h3 Bh5 17. g4 Bg6 18. Nxd4 d5 19. Nc6 Qc7 20. Nxe7+ Qxe7 21. Ba3
b4 22. Bb2 Bxe4 23. Qd4 Qc7 24. Bxe4 dxe4 25. Qxb4 Nbd5 26. Qd4 e3 27. Qe5
exf2+ 28. Kxf2 Qc2+ 29. Re2 Qd3 30. Qh2 Rfe8 31. Be5 Ne4+ 32. Ke1 f6 33. Bb2
Ng3 0-1

[Event "90th YMCA Spring-B"]
[Site "Warszawa"]
[Date "2011.04.19"]
[Round "6"]
[White "Potocki, Karol"]
[Black "Kwiatkowski, Andrzej"]
[Result "1-0"]
[WhiteElo "1860"]
[BlackElo "1843"]
[PlyCount "55"]
[EventDate "2011.04.05"]
[EventType "tourn"]
[EventRounds "1"]
[EventCountry "POL"]
[SourceDate "2011.04.06"]

1. Nf3 Nf6 2. d4 g6 3. Bf4 Bg7 4. e3 O-O 5. Be2 d5 6. Nbd2 Nh5 7. Be5 f6 8. Bg3
Nxg3 9. hxg3 e5 10. c3 e4 11. Ng1 c6 12. Qc2 Be6 13. O-O-O Nd7 14. g4 Rc8 15.
f3 f5 16. gxf5 gxf5 17. f4 c5 18. Nf1 Qc7 19. Nh3 h6 20. Kb1 a6 21. Qd2 b5 22.
Ng3 Rb8 23. Nh5 Bh8 24. g4 b4 25. gxf5 cxd4 26. Rdg1+ Kh7 27. Ng5+ hxg5 28.
Rxg5 1-0

[Event "90th YMCA Spring-B"]
[Site "Warszawa"]
[Date "2011.05.20"]
[Round "6"]
[White "Rogalski, Krzysztof"]
[Black "Jarmula, Lukasz"]
[Result "0-1"]
[WhiteElo "1890"]
[BlackElo "1852"]
[PlyCount "82"]
[EventDate "2011.04.05"]
[EventType "tourn"]
[EventRounds "1"]
[EventCountry "POL"]
[SourceDate "2011.04.06"]

1. d4 d5 2. Nf3 Nf6 3. c4 c6 4. Nc3 e6 5. e3 Nbd7 6. Bd3 dxc4 7. Bxc4 b5 8. Bd3
a6 9. e4 c5 10. d5 c4 11. dxe6 fxe6 12. Bc2 Qc7 13. O-O Bc5 14. e5 Nxe5 15. Bf4
Bd6 16. Ne4 Nxf3+ 17. Qxf3 Bxf4 18. Nxf6+ gxf6 19. Qxa8 Bxh2+ 20. Kh1 Ke7 21.
Qe4 Be5 22. Rab1 Bb7 23. Qh4 h5 24. Be4 Rg8 25. Bxb7 Qxb7 26. f3 Bg3 27. Qe4
Qxe4 28. fxe4 Rg4 29. Rf3 Be5 30. Rh3 h4 31. Ra3 Rxe4 32. Rxa6 Re2 33. Rb6 Bxb2
34. Rxb5 c3 35. a4 Ba3 36. Rb7+ Kd6 37. R7b6+ Kd5 38. R6b5+ Kd4 39. a5 c2 40.
Ra1 c1=Q+ 41. Rxc1 Bxc1 0-1

[Event "90th YMCA Spring-B"]
[Site "Warszawa"]
[Date "2011.05.27"]
[Round "7"]
[White "Moskwinski, Marek"]
[Black "Rogalski, Krzysztof"]
[Result "1/2-1/2"]
[WhiteElo "1872"]
[BlackElo "1890"]
[PlyCount "66"]
[EventDate "2011.04.05"]
[EventType "tourn"]
[EventRounds "1"]
[EventCountry "POL"]
[SourceDate "2011.04.06"]

1. e4 c5 2. Nf3 e6 3. d4 cxd4 4. Nxd4 a6 5. Bd3 Nc6 6. Be3 Nf6 7. Nc3 Qc7 8.
O-O b5 9. Nxc6 Qxc6 10. e5 Bb7 11. f3 Bc5 12. Bf2 Ng4 13. Ne4 Bxf2+ 14. Rxf2
Nxf2 15. Nxf2 Qc5 16. Qe2 O-O 17. f4 d6 18. Kh1 dxe5 19. fxe5 Rad8 20. Ng4 Rd4
21. Rf1 Rxg4 22. Qxg4 Qxe5 23. Qh4 g6 24. b3 f5 25. Re1 Qf6 26. Qf4 g5 27. Qd6
Bd5 28. Re5 f4 29. Kg1 f3 30. gxf3 Qxf3 31. Rxg5+ Kh8 32. Qe5+ Rf6 33. Qb8+ Rf8
1/2-1/2

[Event "90th YMCA Spring-B"]
[Site "Warszawa"]
[Date "2011.05.19"]
[Round "7"]
[White "Rzepecka, Dorota"]
[Black "Kurowski, Andrzej"]
[Result "0-1"]
[WhiteElo "1900"]
[BlackElo "1849"]
[PlyCount "84"]
[EventDate "2011.04.05"]
[EventType "tourn"]
[EventRounds "1"]
[EventCountry "POL"]
[SourceDate "2011.04.06"]

1. Nf3 f5 2. g3 Nf6 3. Bg2 g6 4. c4 Bg7 5. Nc3 d6 6. d3 O-O 7. e4 Nc6 8. O-O
fxe4 9. dxe4 Be6 10. Qe2 Ng4 11. Ng5 Nd4 12. Qd3 Ne5 13. Nxe6 Nxd3 14. Nxd8
Raxd8 15. Bg5 Rde8 16. Be3 Nc2 17. Rab1 Nxe3 18. fxe3 Rxf1+ 19. Rxf1 Nxb2 20.
Nd5 c6 21. Nc7 Rc8 22. Ne6 Nxc4 23. Bh3 Rb8 24. Ng5 Ne5 25. Be6+ Kh8 26. Kg2 h6
27. Nh3 g5 28. Nf2 b5 29. Rh1 b4 30. h4 gxh4 31. Rxh4 a5 32. g4 a4 33. g5 b3
34. axb3 axb3 35. gxh6 Bf6 36. Rh1 b2 37. Ba2 c5 38. Rb1 c4 39. Nd1 Rb4 40. Nc3
e6 41. Rd1 Nd3 42. Nb1 Nc1 0-1

[Event "90th YMCA Spring-B"]
[Site "Warszawa"]
[Date "2011.05.27"]
[Round "7"]
[White "Kwiatkowski, Andrzej"]
[Black "Rozowski, Marcin"]
[Result "0-1"]
[WhiteElo "1843"]
[BlackElo "1893"]
[PlyCount "100"]
[EventDate "2011.04.05"]
[EventType "tourn"]
[EventRounds "1"]
[EventCountry "POL"]
[SourceDate "2011.04.06"]

1. e4 c6 2. d4 d5 3. Nd2 dxe4 4. Nxe4 Nd7 5. Bc4 Ngf6 6. Ng5 e6 7. Qe2 Nb6 8.
Bd3 h6 9. N5f3 c5 10. dxc5 Bxc5 11. Ne5 O-O 12. Ngf3 Nbd5 13. c3 Qc7 14. O-O b6
15. Re1 Bb7 16. Bd2 Rad8 17. Rac1 a5 18. a3 Bd6 19. c4 Ne7 20. Bc3 Nf5 21. b4
axb4 22. axb4 Rc8 23. Qc2 Ne7 24. Qb2 Rfd8 25. Bb1 Nf5 26. Qc2 Bxf3 27. gxf3
Qb7 28. Qe2 Nh4 29. Be4 Nxe4 30. fxe4 Qe7 31. Qg4 Bxe5 32. Bxe5 Ng6 33. Ba1
Qxb4 34. h4 h5 35. Qxh5 Rc5 36. Qg4 e5 37. Qg5 Qd2 38. Qg3 Qh6 39. Rb1 Rd6 40.
Rb5 Rxb5 41. cxb5 Nxh4 42. Kf1 Ng6 43. Bxe5 Qh1+ 44. Ke2 Qxe4+ 45. Kf1 Qc4+ 46.
Kg1 Nxe5 47. Qxe5 Rg6+ 48. Kh1 Qh4+ 49. Qh2 Qxh2+ 50. Kxh2 Rg5 0-1

[Event "90th YMCA Spring-B"]
[Site "Warszawa"]
[Date "2011.04.20"]
[Round "7"]
[White "Kadzinski, Wieslaw"]
[Black "Potocki, Karol"]
[Result "1/2-1/2"]
[WhiteElo "1979"]
[BlackElo "1860"]
[Annotator "Admin"]
[PlyCount "39"]
[EventDate "2011.04.05"]
[EventType "tourn"]
[EventRounds "1"]
[EventCountry "POL"]
[SourceDate "2011.04.06"]

1. e4 e6 2. d4 d5 3. Nc3 dxe4 4. Nxe4 Nd7 5. Nf3 Ngf6 6. Nxf6+ Nxf6 7. Bd3 c5
8. O-O cxd4 9. Nxd4 Bc5 10. Nb3 Be7 11. Bg5 Bd7 12. Qe2 O-O 13. c4 h6 14. Bh4
Bc6 15. Rfd1 Qb6 16. Rac1 Rad8 17. Bg3 a5 18. Be5 Nd7 19. c5 Bxc5 20. Bxg7 $11
1/2-1/2

[Event "90th YMCA Spring-B"]
[Site "Warszawa"]
[Date "2011.06.09"]
[Round "8"]
[White "Rozowski, Marcin"]
[Black "Kadzinski, Wieslaw"]
[Result "1-0"]
[WhiteElo "1893"]
[BlackElo "1979"]
[Annotator "M"]
[PlyCount "57"]
[EventDate "2011.04.05"]
[EventType "tourn"]
[EventRounds "1"]
[EventCountry "POL"]
[SourceDate "2011.04.06"]

1. e4 e5 2. Nf3 Nc6 3. Bb5 a6 4. Ba4 Nf6 5. O-O Be7 6. Re1 b5 7. Bb3 O-O 8. c3
d5 9. exd5 Nxd5 10. Nxe5 Nxe5 11. Rxe5 c6 12. d4 Bd6 13. Re1 Qh4 14. g3 Qh3 15.
Qe2 Bg4 16. Qf1 Qh5 17. Nd2 Rae8 18. f3 Rxe1 19. Qxe1 Bxf3 20. Nxf3 Qxf3 21.
Qd1 Qf5 22. Bc2 Qh3 23. Qf3 f5 24. Bb3 Re8 $11 25. Bd2 Re4 26. Re1 Qg4 27. Qxg4
Rxe1+ 28. Bxe1 fxg4 29. c4 1-0

[Event "90th YMCA Spring-B"]
[Site "Warszawa"]
[Date "2011.05.31"]
[Round "8"]
[White "Kurowski, Andrzej"]
[Black "Kwiatkowski, Andrzej"]
[Result "1/2-1/2"]
[WhiteElo "1849"]
[BlackElo "1843"]
[PlyCount "42"]
[EventDate "2011.04.05"]
[EventType "tourn"]
[EventRounds "1"]
[EventCountry "POL"]
[SourceDate "2011.04.06"]

1. Nf3 Nf6 2. c4 g6 3. Nc3 Bg7 4. d4 d6 5. e4 O-O 6. Be2 Nbd7 7. O-O e5 8. Re1
c6 9. Bf1 exd4 10. Nxd4 Ne5 11. Rb1 Qc7 12. f3 Re8 13. Be3 b6 14. b4 d5 15.
cxd5 cxd5 16. Ndb5 Qb8 17. Nxd5 Nxd5 18. exd5 a6 19. Nd4 Qd6 20. Nc6 Nxc6 21.
dxc6 Qxc6 1/2-1/2

[Event "90th YMCA Spring-B"]
[Site "Warszawa"]
[Date "2011.05.26"]
[Round "8"]
[White "Rogalski, Krzysztof"]
[Black "Rzepecka, Dorota"]
[Result "1/2-1/2"]
[WhiteElo "1890"]
[BlackElo "1900"]
[Annotator "M"]
[PlyCount "65"]
[EventDate "2011.04.05"]
[EventType "tourn"]
[EventRounds "1"]
[EventCountry "POL"]
[SourceDate "2011.04.06"]

1. d4 d5 2. c4 e6 3. Nf3 c5 4. cxd5 exd5 5. Nc3 Nf6 6. g3 Nc6 7. Bg2 Be7 8. O-O
O-O 9. Bf4 a6 10. Rc1 c4 11. Ne5 Be6 12. e4 Nxe5 13. Bxe5 dxe4 14. Nxe4 Nxe4
15. Bxe4 Bd5 16. Qf3 Bxe4 17. Qxe4 b5 18. a4 Bf6 19. axb5 axb5 20. Rfd1 Ra2 21.
Qb1 Ra6 22. Bxf6 Qxf6 23. b3 cxb3 24. Qxb3 Rd6 25. d5 Rb8 26. Rc5 Rdb6 27. Rdc1
g6 28. Rc6 Qe5 29. Rxb6 Rxb6 30. Rc8+ Kg7 31. Rc6 Rxc6 32. dxc6 Qc5 33. c7 $11
1/2-1/2

[Event "90th YMCA Spring-B"]
[Site "Warszawa"]
[Date "2011.06.10"]
[Round "9"]
[White "Kwiatkowski, Andrzej"]
[Black "Rogalski, Krzysztof"]
[Result "1-0"]
[WhiteElo "1843"]
[BlackElo "1890"]
[PlyCount "37"]
[EventDate "2011.04.05"]
[EventType "tourn"]
[EventRounds "1"]
[EventCountry "POL"]
[SourceDate "2011.04.06"]

1. e4 c5 2. Nf3 e6 3. d4 cxd4 4. Nxd4 a6 5. Bd3 Nf6 6. Nc3 Qc7 7. O-O Nc6 8.
Nxc6 bxc6 9. f4 Bc5+ 10. Kh1 d6 11. Qe2 O-O 12. e5 dxe5 13. fxe5 Nd7 14. Bf4 g6
15. Rae1 Be7 16. Bh6 Re8 17. Qf3 f5 18. exf6 Nxf6 19. Ne4 1-0

[Event "90th YMCA Spring-B"]
[Site "Warszawa"]
[Date "2011.06.02"]
[Round "9"]
[White "Kadzinski, Wieslaw"]
[Black "Kurowski, Andrzej"]
[Result "1/2-1/2"]
[WhiteElo "1979"]
[BlackElo "1849"]
[Annotator "M"]
[PlyCount "51"]
[EventDate "2011.04.05"]
[EventType "tourn"]
[EventRounds "1"]
[EventCountry "POL"]
[SourceDate "2011.04.06"]

1. e4 e6 2. d4 d5 3. Nc3 Nf6 4. e5 Nfd7 5. f4 c5 6. Nf3 Nc6 7. Be3 a6 8. Bd3 b5
9. Qd2 b4 10. Nd1 Qb6 11. c3 a5 12. O-O Ba6 13. Bxa6 Rxa6 14. f5 Be7 15. dxc5
Bxc5 16. fxe6 Bxe3+ 17. Nxe3 fxe6 18. Nd4 Ncxe5 19. Rae1 Rf8 20. Qe2 g6 21.
Rxf8+ Kxf8 22. Qf2+ Kg7 23. Qh4 Qc5 24. Qh3 bxc3 25. bxc3 Qe7 26. Qg3 $11
1/2-1/2